000 00214nam a2200085Ia 4500
008 170620s9999 xx 000 0 und d
100 _aN. C. E. R. T.
245 0 _aIndian Education Abstracts-4
260 _bNew Delhi- N.C.E.R.T.
260 _c1996
999 _c24757
_d24757